000 00826nam a22002897a 4500
003 CHAP
005 20220329134629.0
008 971013s1922 r 00010 d
010 _a23292
011 _a24264
035 _a28363
040 _cCHAP
082 _a553.282
_bC43
100 0 0 _aChautard, Jean.
_922033
245 _aLes gisements de pétrole
260 _aParis :
_bDoin,
_c1922
300 _a330 p.
_b: ilus
590 _aBATCH-UPD
_b10
_c20130110
_lUCH01
_h0044
590 _aBATCH-UPD
_b10
_c20130110
_lUCH01
_h1811
590 _aBATCH-UPD
_b10
_c20130410
_lUCH01
_h1145
590 _aBATCH-UPD
_b10
_c20130914
_lUCH01
_h0919
590 _aCONVERSION
_b10
_c20130109
_lUCH01
_h1314
650 1 4 _aPetróleo.
_987656
901 _aBK
942 _cLIBRO
949 _a553.282 C43
_bBC
_cBPP
_d-65456
_eBPP
_h7905
_i28363
_si
999 _c23292
_d23292